00932nam a22002177a 4500003000900000008004100009040007100050082001700121100001800138245010300156260003800259300003000297440002900327505021200356650001600568650001600584650001600600700003600616710002200652710004000674AR-CdUCM190515b ||||| |||| 00| 0 spa d aMUNICIPALIDAD PROVINCIAL DEL CUSCOcBIBLIOTECA MUNICIPAL DEL CUSCO a373.1 /bD76 aDillon, J. T. aEducación personal :bintento de aunar el amor personal y la eficiencia profesional en el aula / aBuenos Aires :bGuadalupe,c1973. a189 páginas ;c23.5 cm. aBiblioteca Pedagógica. aContenido: El que enseña y lo enseñado -- Un método de enseñanza -- Métodos especiales -- Aprendizaje -- Las percepciones de los alumnos -- Las reacciones de los alumnos -- Enseñar y aprender ... aEducación aAprendizaje aEnseñanza aAlcalde, Ramón (traducción) aA.I.D. (México) aCentro Regional de Ayuda Técnica.